000 00843cam a22002653a 4500
001 18189
003 PGUSA
005 20140828083403.0
008 060417s2006||||xxu|||||s|||||000 | eng d
040 _aPGUSA
_beng
042 _adc
050 4 _aSB
100 1 _aWeschcke, Carl,
_d1894-1973
245 1 0 _aGrowing Nuts in the North :
_bA Personal Story of the Author's Experience of 33 Years with Nut Culture in Minnesota and Wisconsin
_h[electronic resource] /
_cCarl Weschcke
260 _bProject Gutenberg,
_c2006
506 _aPublic domain in the USA.
516 _aElectronic text
653 _aNut trees -- Wisconsin
653 _aNuts -- Wisconsin
653 _aNuts -- Minnesota
653 _aNut trees -- Minnesota
830 0 _aProject Gutenberg
_v18189
856 4 0 _uhttp://www.gutenberg.org/ebooks/18189
942 _cEB
999 _c247444
_d247444